[Event "DDR-ch (Women) "]
[Site "Salzwedel"]
[Date "1982.??.??"]
[Round "7"]
[White "Broeder, Iris"]
[Black "Kowalewski, Kirsten"]
[Result "1/2-1/2"]
[WhiteElo "2085"]
[BlackElo "1780"]

1.d4 d5 2.c4 c6 3.Nc3 Nf6 4.e3 e6 5.Nf3 Bd6 6.Qc2 Nbd7 7.e4 dxe4 8.Nxe4 Nxe4
9.Qxe4 Nf6 10.Qc2 c5 11.Bd2 Bd7 12.dxc5 Bxc5 13.b4 Be7 14.Ne5 Qc7 15.Nxd7 Nxd7
16.Be2 Bf6 17.Rc1 Be5 18.h3 O-O 19.O-O Bf4 20.c5 Rfd8 21.a4 Bxd2 22.Qxd2 a5
23.Bb5 Nf6 24.Qb2 axb4 25.Qxb4 Nd5 26.Qb2 Qe7 27.Rc4 Rdc8 28.Rfc1 Rc7 29.c6 h6
30.cxb7 Rxb7 31.Rc8+ Rxc8 32.Rxc8+ Kh7 33.Re8 Qc7 34.Qb1+ g6 35.Qb2 Qc3 36.Qe2 Qc1+
37.Kh2 Qc7+ 38.g3 Nc3 39.Qf3 Nd5 40.Kg2 Qc3 41.Qe2 Qd4 42.Qd3 Qxd3 43.Bxd3 Ra7
44.Bb5  1/2-1/2

[Event "DDR-ch (Women) "]
[Site "Salzwedel"]
[Date "1982.??.??"]
[Round "10"]
[White "Manger, Carola"]
[Black "Jahn, Constanze"]
[Result "1-0"]
[WhiteElo "1925"]
[BlackElo "2005"]

1.d4 d5 2.c4 e6 3.Nc3 c6 4.Nf3 Nf6 5.e3 Be7 6.Qc2 O-O 7.Bd2 dxc4 8.Bxc4 c5
9.dxc5 Bxc5 10.O-O a6 11.Ne4 Nxe4 12.Qxe4 Qe7 13.Qc2 Nd7 14.a3 b5 15.Bd3 f5
16.b4 Bd6 17.e4 Bb7 18.Rae1 Rac8 19.Qb3 f4 20.Nd4 Rf6 21.Nf5 Qf8 22.Bb1 Be5
23.Nh4 Rh6 24.Nf3 Qf6 25.Rc1 g5 26.h3 Rg6 27.Qd3 Qg7 28.Rxc8+ Bxc8 29.Rc1 Qf8
30.Qc2 Bb7 31.Nxe5 Nxe5 32.Qc7 Nc4 33.Qxb7 g4 34.e5 Rg7 35.Qc6 Kh8 36.hxg4 Nxd2
37.Qxe6 Nc4 38.f3 Re7 39.Qf6+ Kg8 40.Qg5+ Qg7 41.Qxf4 Rxe5 42.Ba2 Qa7+ 43.Kh2 Re6
44.Bxc4 bxc4 45.Rxc4 Qd7 46.Kg3  1-0

[Event "DDR-ch (Women) "]
[Site "Salzwedel"]
[Date "1982.??.??"]
[Round "12"]
[White "Manger, Carola"]
[Black "Kowalewski, Kirsten"]
[Result "0-1"]
[WhiteElo "1925"]
[BlackElo "1780"]

1.d4 d5 2.c4 c6 3.Nf3 Nf6 4.Nc3 e6 5.e3 Nbd7 6.Qc2 Bd6 7.Bd2 O-O 8.cxd5 exd5
9.Bd3 Re8 10.O-O Nf8 11.h3 Be6 12.Ne2 Ne4 13.Bc3 Ng6 14.Ne5 Nh4 15.f4 f5
16.Rac1 Qf6 17.Be1 Ng6 18.Kh2 Nf8 19.Ng1 g5 20.Ngf3 g4 21.Bxe4 fxe4 22.Ng5 gxh3
23.gxh3 Ng6 24.Nxe6 Rxe6 25.Ng4 Qf8 26.Kg1 Ne7 27.f5 Nxf5 28.Kh1 Kh8 29.Qe2 Rg6
30.Ne5 Bxe5 31.dxe5 Qc8 32.Qh5 Nxe3 33.Rf2 Qe6 34.Bc3 Rh6 35.Qg5 Qxh3+  0-1

[Event "BUL-ch (Women)"]
[Site "Sofia"]
[Date "1982.??.??"]
[Round "10"]
[White "Chilingirova, Pavlina"]
[Black "Asenova, Venka"]
[Result "1-0"]
[WhiteElo "2125"]
[BlackElo "2060"]

1.Nf3 d5 2.d4 c6 3.c4 e6 4.e3 Nf6 5.Nc3 a6 6.Bd3 b5 7.cxb5 cxb5 8.O-O Bb7
9.Bd2 Nbd7 10.Rc1 Be7 11.Ne2 O-O 12.Qb3 Qb6 13.Bb4 Bxb4 14.Qxb4 Rfc8 15.Rxc8+ Rxc8
16.Rc1 Rxc1+ 17.Nxc1 Qc7 18.Nb3 Nb8 19.Ne5 Ne4 20.f3 Nd6 21.Qc5 Qxc5 22.Nxc5 Bc8
23.Ng4 h5 24.Nf2 Nc4 25.Nd1 Nc6 26.Bxc4 dxc4 27.Nc3 Kf8 28.a3 Ke7 29.Kf2 Nb8
30.e4 Nd7 31.Nxd7 Bxd7 32.e5 Bc6 33.Ke3 g5 34.g3 a5 35.f4 gxf4+ 36.Kxf4 b4
37.Ne2 Bb5 38.axb4 axb4 39.Nc1 Kd7 40.Ke3 Kc7 41.Na2 b3 42.Nc3 Bc6 43.Nd1 f5
44.exf6 Kd6 45.Kf4 Be8 46.Nc3 Bf7 47.h3 Be8 48.g4 hxg4 49.hxg4 Bf7 50.Ke4 Bg6+
51.Kf4 Bf7 52.Ke4 Bg6+ 53.Kf4 Bf7 54.g5 Bg6 55.Ne2 Kd5 56.Ke3 e5 57.Nc3+ Kd6
58.Nb5+ Kd5 59.dxe5 Kxe5 60.Kd2 Bf7 61.Kc3 Be6 62.Nd4 Bd5 63.Nc6+  1-0

[Event "BUL-ch"]
[Site "Sofia"]
[Date "1982.??.??"]
[Round "13"]
[White "Lukov, Valentin"]
[Black "Spassov, Liuben"]
[Result "1/2-1/2"]
[WhiteElo "2405"]
[BlackElo "2450"]

1.d4 Nf6 2.c4 e6 3.Nf3 d5 4.Nc3 c6 5.e3 Nbd7 6.a3 Bd6 7.Bd3 O-O 8.e4 dxc4
9.Bxc4 e5 10.O-O h6 11.h3  1/2-1/2

[Event "DEN-ch"]
[Site "Vejle"]
[Date "1982.??.??"]
[Round "8"]
[White "Kristiansen, Jens"]
[Black "Fries Nielsen, Jens Ove"]
[Result "0-1"]
[WhiteElo "2450"]
[BlackElo "2355"]

1.c4 e6 2.Nc3 d5 3.d4 c6 4.e3 Nf6 5.Nf3 Nbd7 6.Bd3 dxc4 7.Bxc4 b5 8.Bb3 b4
9.Ne2 Bb7 10.O-O Bd6 11.Re1 O-O 12.Ng3 c5 13.Bc2 Rc8 14.e4 cxd4 15.Nxd4 Ne5
16.Bf4 Nfg4 17.Bxe5 Bxe5 18.Qxg4 Qxd4 19.Bb3 Qxb2 20.Rab1 Qd4 21.Rbd1 Qc5
22.Rd7 Bc6 23.Rd3 Kh8 24.Nh5 f5 25.Qh4 Bxe4 26.Rh3 Qc1 27.Re3 g5 28.Qh3 Bd4
29.Re2 Rc3 30.Ng3 Qf4 31.Qh6 Rf6 32.Qh5 Rg6 33.Nxe4 fxe4 34.Bc2 e3 35.fxe3 Rxe3
36.Rxe3 Bxe3+ 37.Kh1 Bf2 38.Qd1 Rf6 39.Bd3 Rh6 40.h3 Qg3 41.Bf5 Rf6  0-1

[Event "URS-ch sf"]
[Site "Yaroslav"]
[Date "1982.??.??"]
[Round "?"]
[White "Chekhov, Valery A"]
[Black "Bagirov, Vladimir"]
[Result "1/2-1/2"]
[WhiteElo "2460"]
[BlackElo "2495"]

1.Nf3 d5 2.d4 Nf6 3.c4 e6 4.Nc3 c6 5.e3 Nbd7 6.Bd3 dxc4 7.Bxc4 b5 8.Bd3 a6
9.e4 c5 10.d5 c4 11.dxe6 cxd3 12.exd7+ Qxd7 13.O-O Bb7 14.Bg5 Be7 15.e5 Nd5
16.Qxd3 Nxc3 17.Qxc3 Bxg5 18.Nxg5 Qf5 19.Qe3 h6 20.Nh3 O-O 21.Nf4 Rfe8 22.Rfe1 Rac8
23.f3 Rc2 24.Nd3 f6 25.Rac1 Rxc1 26.Rxc1 Bd5 27.b3 fxe5 28.Re1 Rc8 29.Nxe5 Rc2
30.Re2 Rxa2 31.Rxa2 Qb1+ 32.Kf2 Qxa2+ 33.Kg3 Qxb3 34.Qb6 Be6 35.Ng6 Kf7 36.Nh8+ Kg8
37.Ng6 Kf7 38.Nh8+ Kg8 39.Ng6  1/2-1/2

[Event "Yerevan"]
[Site "Yerevan"]
[Date "1982.??.??"]
[Round "2"]
[White "Tal, Mihail"]
[Black "Mnatsakanian, Eduard A"]
[Result "1-0"]
[WhiteElo "2605"]
[BlackElo "2450"]

1.d4 d5 2.c4 c6 3.Nc3 Nf6 4.e3 e6 5.Nf3 Nbd7 6.Bd3 dxc4 7.Bxc4 b5 8.Bd3 a6
9.e4 c5 10.d5 c4 11.dxe6 cxd3 12.exd7+ Qxd7 13.O-O Bb7 14.Re1 Be7 15.e5 Nd5
16.Ne4 O-O 17.Qxd3 h6 18.Bd2 Qe6 19.Nd4 Qxe5 20.Ng5 Qxe1+ 21.Rxe1 Bxg5 22.Bxg5 hxg5
23.Qe4 Rad8 24.Nf3 Rd7 25.Nxg5 Nf6 26.Qf4 Rfd8 27.h4 Nd5 28.Qf5 g6 29.Re8+ Rxe8
30.Qxd7 Re7 31.Qd6 Kg7 32.f3 Re2 33.Ne4  1-0

[Event "Yerevan"]
[Site "Yerevan"]
[Date "1982.??.??"]
[Round "4"]
[White "Sturua, Zurab"]
[Black "Bagirov, Vladimir"]
[Result "1/2-1/2"]
[WhiteElo "2440"]
[BlackElo "2495"]

1.d4 d5 2.c4 c6 3.Nf3 Nf6 4.Nc3 e6 5.e3 Nbd7 6.Be2 Bd6 7.b3 O-O 8.Bb2 Re8
9.O-O dxc4 10.bxc4 e5 11.Qc2 exd4 12.exd4 Nf8 13.Rfe1 Bg4 14.Rad1 Qc7 15.h3 Bh5
16.d5 Bg6  1/2-1/2

[Event "Yerevan"]
[Site "Yerevan"]
[Date "1982.??.??"]
[Round "6"]
[White "Tal, Mihail"]
[Black "Bagirov, Vladimir"]
[Result "1/2-1/2"]
[WhiteElo "2605"]
[BlackElo "2495"]

1.Nf3 d5 2.c4 c6 3.e3 Nf6 4.Nc3 e6 5.d4 Nbd7 6.Bd3 dxc4 7.Bxc4 b5 8.Bd3 a6
9.e4 c5 10.d5 c4 11.dxe6 cxd3 12.exd7+ Qxd7 13.Ne5 Qe7 14.Bf4 b4 15.Nd5 Nxd5
16.exd5 f6 17.Qa4+ Bd7 18.Qxd7+ Qxd7 19.Nxd7 Kxd7 20.O-O-O Rc8+ 21.Kb1 Bc5
22.f3 Rhe8 23.Rxd3 Re2 24.Rd2  1/2-1/2

[Event "BRA-ch 50th"]
[Site "Sao Paulo"]
[Date "1983.05.??"]
[Round "6"]
[White "Sunye Neto, Jaime"]
[Black "Loureiro, Luiz"]
[Result "1/2-1/2"]
[WhiteElo "2480"]
[BlackElo "2225"]

1.c4 c6 2.d4 d5 3.Nf3 Nf6 4.Nc3 e6 5.e3 Nbd7 6.Bd3 Bd6 7.O-O O-O 8.e4 dxc4
9.Bxc4 e5 10.Bg5 Qe7 11.d5 h6 12.Bh4 Rd8 13.Qc2 Nb6 14.Bb3 Bg4 15.dxc6 bxc6
16.Nd2 Bc5 17.Nc4 Nxc4 18.Bxc4 g5 19.Bg3 Nh5 20.Nd1 Rxd1 21.Raxd1 Bxd1 22.Rxd1 Nxg3
23.hxg3 Rd8 24.Be2 Rxd1+ 25.Bxd1 Kg7 26.a3 Qd6 27.b4 Bb6 28.Bh5 Qd4 29.Qa2 Qd7
30.Qc4 Qe6 31.Qc2 Qd6 32.Qe2 Qe7 33.Qa2 Qe6 34.Qc2 Qd6 35.Qc3 Bd4 36.Qb3 Qf6
37.Qc2 Qd6 38.Qa2 Qe6 39.Qxe6 fxe6 40.Be2 Bb2 41.a4 Ba3 42.b5 cxb5 43.Bxb5 Bc5
44.Kf1 Kf7 45.Ba6 Ke7 46.Bc8 Bb6 47.Ke2  1/2-1/2

[Event "Albena"]
[Site "Albena"]
[Date "1983.??.??"]
[Round "?"]
[White "Danner, Georg"]
[Black "Velikov, Petar"]
[Result "1/2-1/2"]
[WhiteElo "2405"]
[BlackElo "2460"]

1.d4 d5 2.Nf3 c6 3.c4 Nf6 4.e3 e6 5.Nc3 a6 6.Qc2 Nbd7 7.e4 dxe4 8.Nxe4 Nxe4
9.Qxe4 Bb4+ 10.Bd2 Bxd2+ 11.Nxd2 O-O 12.O-O-O c5 13.Nf3 Nf6 14.Qe5 cxd4 15.Rxd4 Qe7
16.Bd3 Bd7 17.Rh4 g6 18.Qg5 Bc6 19.Ne5 Rfe8 20.Rd4 Rad8 21.Rxd8 Rxd8 22.Rd1 Kg7
23.h4 h6 24.Qe3 Nd7 25.g3 Nxe5 26.Qxe5+ Qf6 27.Qxf6+ Kxf6 28.Kc2 g5 29.hxg5+ hxg5
30.Be2 Rh8 31.Kd3 Ke5 32.Ke3 f5 33.Bf3 f4+ 34.gxf4+ gxf4+ 35.Ke2 Bxf3+ 36.Kxf3 Rh3+
37.Kg4 Rh2 38.Kf3 Rh7 39.Rd8 Rc7 40.b3 b5 41.cxb5 axb5 42.Rh8 Rc3+ 43.Kg4 Ke4
44.Rh1 e5  1/2-1/2

[Event "OHRA"]
[Site "Amsterdam"]
[Date "1983.??.??"]
[Round "?"]
[White "Johansen, Darryl K"]
[Black "Kuijf, Marinus"]
[Result "0-1"]
[WhiteElo "2485"]
[BlackElo "2420"]

1.c4 Nf6 2.Nf3 c6 3.e3 d5 4.Nc3 e6 5.d4 Nbd7 6.a3 Bd6 7.Qc2 O-O 8.c5 Bc7
9.b4 e5 10.Bb2 e4 11.Nh4 g5 12.Nf5 Nxc5 13.Nh6+ Kg7 14.h4 g4 15.Nxf7 Nd3+
16.Qxd3 Rxf7 17.Qd2 Nh5 18.Be2 Qe7 19.Rf1 Bd6 20.O-O-O a5 21.f3 axb4 22.axb4 Ng3
23.Rg1 Bxb4 24.Rde1 Qxh4 25.Bd1 Qe7 26.Qf2 Qc7 27.f4 Qa5 28.Nb1 Bxe1 29.Rxe1 Nh5
30.Rh1 Nf6 31.Nc3 Qd8 32.Qh4 Kh8 33.Nxe4 Qe7 34.Ng5 Qxe3+ 35.Kb1 Bf5+ 36.Bc2 Bxc2+
37.Kxc2 Qe2+ 38.Kc1 Qc4+ 39.Kd2 Re7  0-1

[Event "Baku"]
[Site "Baku"]
[Date "1983.??.??"]
[Round "?"]
[White "Toshkov, Tihomir"]
[Black "Bagirov, Vladimir"]
[Result "1/2-1/2"]
[WhiteElo "2375"]
[BlackElo "2505"]

1.d4 Nf6 2.c4 e6 3.Nf3 d5 4.Nc3 c6 5.e3 Nbd7 6.Bd3 dxc4 7.Bxc4 b5 8.Bd3 a6
9.e4 c5 10.e5 cxd4 11.Nxb5 Nxe5 12.Nxe5 axb5 13.O-O Qd5 14.Qe2 Rb8 15.Bg5 h6
16.Bh4 Bd6 17.f4 g5 18.Bg3 gxf4 19.Bxf4 Rg8 20.Rac1 Bb7 21.Bxb5+ Kf8 22.Rf3 d3
23.Bxd3 Qd4+ 24.Qe3 Bxe5 25.Bxe5 Rxg2+ 26.Kf1 Qxe3 27.Rxe3 Ng4 28.Bd6+ Kg7
29.Re2 Rd8 30.Rxg2 Bxg2+ 31.Kxg2 Rxd6 32.Rc3 Ne3+ 33.Kf3 Nd1 34.Rb3 Nxb2
35.Be2 Na4 36.Rb4 Nb6 37.a4 Nd5 38.Rg4+ Kf6 39.a5 Rc6 40.Ra4 Rc3+ 41.Kf2 Rc7
42.a6 Ra7 43.Ra5 Ke5 44.Rb5 Kd6 45.Rb3 Kc6 46.Rb8 Nc7 47.Rf8 Nxa6 48.Bxa6 Rxa6
49.Rxf7 Ra5 50.Kg3 Rg5+ 51.Kh4 Rf5 52.Rh7  1/2-1/2

[Event "Biel"]
[Site "Biel"]
[Date "1983.??.??"]
[Round "?"]
[White "Toth, Bela"]
[Black "Campora, Daniel H"]
[Result "0-1"]
[WhiteElo "2400"]
[BlackElo "2485"]

1.d4 d5 2.c4 c6 3.Nc3 Nf6 4.Nf3 e6 5.e3 Nbd7 6.Bd3 Bd6 7.e4 dxe4 8.Nxe4 Nxe4
9.Bxe4 h6 10.O-O O-O 11.Bc2 e5 12.Re1 exd4 13.Qxd4 Bc5 14.Qf4 Nf6 15.h3 Be6
16.Qh4 Re8 17.Bxh6 gxh6 18.Rad1 Nd7 19.Qxh6 Qf6 20.Qh7+ Kf8 21.Qh5 Bxc4 22.Rxe8+ Kxe8
23.Bf5 Nf8 24.Rc1 Qxb2 25.Re1+ Be7 26.Ne5 Bd5 27.Qh8 Qd2 28.Re3 Qc1+ 29.Kh2 Kd8
30.Qh6 Qc5 31.g3 Qd6 32.Qg7 Qf6 33.Qg4 Bd6 34.f4 Kc7 35.Be4 Bxe5 36.Bxd5 Bd4  0-1

[Event "Bor"]
[Site "Bor"]
[Date "1983.??.??"]
[Round "6"]
[White "Skembris, Spyridon"]
[Black "Inkiov, Ventzislav"]
[Result "1-0"]
[WhiteElo "2415"]
[BlackElo "2500"]

1.d4 Nf6 2.c4 e6 3.Nc3 d5 4.Nf3 c6 5.e3 Nbd7 6.Be2 Bd6 7.O-O O-O 8.Qc2 e5
9.cxd5 cxd5 10.dxe5 Nxe5 11.Rd1 Be6 12.Bd2 Rc8 13.Nxe5 Bxe5 14.f4 Bd6 15.Qd3 Qd7
16.Be1 Bf5 17.e4 Nxe4 18.Qxd5 Nxc3 19.Bxc3 Bc5+ 20.Kf1 Qxd5 21.Rxd5 Be6 22.Rd3 f6
23.b3 Rfe8 24.Re1 Bf5 25.Rd5 Be4 26.Rd7 Kh8 27.Bh5 Bg6 28.Rxe8+ Rxe8 29.Bxg6 hxg6
30.Rxb7 Be3 31.Be1 Rc8 32.g3 Rc2 33.Re7 Bb6 34.Re2 Rc1 35.Kg2 a5 36.Kf3 Kh7
37.Ke4 Rd1 38.Bd2 Kh6 39.Kd3 Ra1 40.a4 Rh1 41.Kc4 Bg1 42.Bxa5 Bxh2 43.Re1  1-0

[Event "Capablanca mem-B"]
[Site "Cienfuegos"]
[Date "1983.??.??"]
[Round "?"]
[White "Garcia Palermo, Carlos"]
[Black "Vera, Reynaldo"]
[Result "0-1"]
[WhiteElo "2455"]
[BlackElo "2420"]

1.d4 d5 2.c4 e6 3.Nc3 c6 4.e3 Nf6 5.Nf3 Nbd7 6.Bd3 dxc4 7.Bxc4 b5 8.Bb3 b4
9.Ne2 Bb7 10.O-O c5 11.Nf4 Bd6 12.Re1 O-O 13.Ng5 Qb8 14.Nxf7 Rxf7 15.Bxe6 Bxf4
16.exf4 c4 17.Bxf7+ Kxf7 18.Qe2 Bd5 19.Qe7+ Kg8 20.Bd2 a5 21.Re5 Nxe5 22.dxe5 Ne4
23.Be3 c3 24.bxc3 Nxc3 25.f5 Qd8 26.Qc5 Qc8  0-1

[Event "Capablanca mem-B"]
[Site "Cienfuegos"]
[Date "1983.??.??"]
[Round "?"]
[White "Lukacs, Peter"]
[Black "Vera, Reynaldo"]
[Result "0-1"]
[WhiteElo "2460"]
[BlackElo "2420"]

1.d4 d5 2.c4 e6 3.Nc3 c6 4.e3 Nf6 5.Nf3 Nbd7 6.Bd3 dxc4 7.Bxc4 b5 8.Bd3 a6
9.e4 c5 10.d5 c4 11.dxe6 fxe6 12.Bc2 Qc7 13.O-O Bc5 14.Qe2 Ne5 15.Nxe5 Qxe5
16.Kh1 Bb7 17.f4 Qh5 18.Qxh5+ Nxh5 19.e5 O-O-O 20.f5 Rd4 21.Re1 Rh4 22.Be3 Ng3+
23.Kg1 Bxe3+ 24.Rxe3 Nxf5 25.Bxf5 exf5 26.Rd1 Rd8 27.Rd6 Rxd6 28.exd6 Be4
29.g3 Rh6 30.Nxe4 fxe4 31.Rxe4 Rxd6 32.Re2 Kd7 33.Kf2 Rf6+ 34.Kg2 Kd6 35.g4 b4
36.Kg3 Kd5 37.Re7 c3 38.bxc3 bxc3 39.Rd7+ Rd6  0-1

[Event "Capablanca mem-A"]
[Site "Cienfuegos"]
[Date "1983.??.??"]
[Round "?"]
[White "Fernandez, Juan C"]
[Black "Rivas Pastor, Manuel"]
[Result "1/2-1/2"]
[WhiteElo "2410"]
[BlackElo "2465"]

1.d4 d5 2.c4 c6 3.Nc3 Nf6 4.e3 e6 5.Nf3 Nbd7 6.Bd3 dxc4 7.Bxc4 b5 8.Bd3 a6
9.e4 c5 10.e5 cxd4 11.Nxb5 axb5 12.exf6 Qb6 13.O-O Bb7 14.Qe2 Bc6 15.Be4 Bxe4
16.Qxe4 Rd8 17.fxg7 Bxg7 18.Bg5 f6 19.Bd2 Nc5 20.Qh4 O-O 21.Bb4 e5 22.Rac1 Rd5
23.Qh3 Re8 24.Bxc5 Rxc5 25.Nh4 e4 26.Nf5 Bf8 27.Qb3+ Kh8 28.Qf7 Rxc1 29.Rxc1 Qe6
30.Qxe6 Rxe6 31.Nxd4 Rd6 32.Nb3 f5 33.g3 Kg7 34.Kf1 Kg6 35.Ke2 b4 36.Na5 Rd7
37.Nc6 Kf6 38.Rc4 Rb7 39.f3 exf3+ 40.Kxf3 Bd6 41.Rd4 Bf8 42.Rd8 Bc5 43.Rd5 Bf8
44.Nd4 Kg6 45.Ra5 Rd7 46.Ne6 Bh6 47.Nf4+ Bxf4 48.Kxf4 Rd2 49.Ra6+ Kh5 50.h3 Rf2+
51.Ke3  1/2-1/2

[Event "Politicen Cup"]
[Site "Copenhagen"]
[Date "1983.??.??"]
[Round "8"]
[White "Lechtynsky, Jiri"]
[Black "Iskov, Gert"]
[Result "1/2-1/2"]
[WhiteElo "2475"]
[BlackElo "2365"]

1.d4 d5 2.c4 e6 3.Nf3 c6 4.Nc3 Nf6 5.e3 Nbd7 6.Bd2 Bd6 7.Qc2 O-O 8.Rd1 Qe7
9.a3 a6 10.Be2 dxc4 11.Bxc4 e5 12.Ba2 g6 13.Ne4 Nxe4 14.Qxe4 exd4 15.Qxd4 c5
16.Qd5 Ne5 17.Bc3 Nxf3+ 18.Qxf3 Be5 19.O-O Bxc3 20.bxc3 Rb8 21.Qf4 Bf5 22.Bd5 b5
23.e4 Be6 24.Rfe1 c4 25.Bxe6 fxe6 26.Qe5 Rbd8 27.g3 Rd3 28.Rxd3 cxd3 29.Rd1 Rd8
30.Rd2 Kf7 31.Qf4+ Kg7 32.Qe5+ Kf7 33.Qf4+ Kg8 34.Qe5  1/2-1/2

[Event "Frunze"]
[Site "Frunze"]
[Date "1983.??.??"]
[Round "?"]
[White "Imanaliev, Taalaibek"]
[Black "Velikov, Petar"]
[Result "0-1"]
[WhiteElo "2200"]
[BlackElo "2475"]

1.d4 Nf6 2.Nf3 e6 3.c4 d5 4.Nc3 c6 5.e3 a6 6.Bd3 dxc4 7.Bxc4 b5 8.Bd3 c5
9.a4 b4 10.Ne4 Nbd7 11.O-O Bb7 12.Nxf6+ Nxf6 13.dxc5 Bxc5 14.Qe2 O-O 15.e4 Nd7
16.Bf4 Be7 17.Rfd1 Nc5 18.Bc2 Qe8 19.b3 a5 20.Qe3 Rc8 21.Rac1 f6 22.Bd3 e5
23.Bg3 Nxd3 24.Qxd3 Qf7 25.Nd2 Rfd8 26.Qe3 Ba6 27.Rxc8 Rxc8 28.Qb6 Be2 29.Re1 Bd8
30.Qd6 Bg4 31.f3 Qd7 32.Nc4 Be6 33.Qxd7 Bxd7 34.Bf2 Be6 35.Rc1 Be7 36.Kf1 Bxc4+
37.bxc4 b3 38.c5 Bxc5 39.Bxc5 b2 40.Rb1 Rxc5 41.Rxb2 Rc1+ 42.Kf2 Ra1 43.Rb8+ Kf7
44.Rb7+ Kg6 45.Kg3 Rxa4 46.Rb5 Ra2 47.Rc5 a4 48.Rc4 h5 49.Rb4 a3 50.Rb3 Kg5
51.Rb7 h4+ 52.Kh3 g6 53.Ra7 Ra1 54.g3 hxg3 55.hxg3 a2 56.Kg2 f5 57.Ra6 fxe4
58.fxe4 Kh5  0-1

[Event "Gausdal Jubilee"]
[Site "Gausdal"]
[Date "1983.??.??"]
[Round "1"]
[White "Tisdall, Jonathan D"]
[Black "Westerinen, Heikki MJ"]
[Result "1/2-1/2"]
[WhiteElo "2440"]
[BlackElo "2355"]

1.d4 d5 2.c4 c6 3.Nc3 Nf6 4.e3 e6 5.Nf3 Bd6 6.Qc2 O-O 7.b3 Qe7 8.Bb2 Ba3
9.Bd3 Bxb2 10.Qxb2 Nbd7 11.Qc2 b6 12.O-O Bb7 13.Rad1 Rac8 14.e4 dxe4 15.Bxe4 Nxe4
16.Qxe4 Nf6 17.Qe3 Rfd8 18.Rfe1 h6 19.h3 Qb4 20.Ne5 Qe7 21.Na4 Qc7 22.Nc3 c5
23.Nb5 cxd4 24.Rxd4 Qc5 25.Red1 Rxd4 26.Qxd4 Qxd4 27.Rxd4 Kf8 28.Nxa7 Ra8
29.Nb5 Be4 30.Nd6 Bc2 31.Ndxf7 Rxa2 32.b4 Ne4 33.Rd8+ Ke7 34.Rd7+ Kf6 35.Ng4+ Kf5
36.Nd8 h5 37.Ne3+ Ke5 38.g3 Ba4 39.Rf7 Rd2 40.Rf8 Nxf2 41.Rxf2  1/2-1/2

[Event "Bundesliga 8283"]
[Site "Germany"]
[Date "1983.??.??"]
[Round "?"]
[White "Sonntag, Hans Hubert"]
[Black "Marian, R."]
[Result "1/2-1/2"]
[WhiteElo "2320"]
[BlackElo "2370"]

1.d4 d5 2.c4 e6 3.Nc3 c6 4.e3 Nf6 5.Nf3 Nbd7 6.Bd3 dxc4 7.Bxc4 b5 8.Bd3 Bb7
9.O-O b4 10.Ne4 Be7 11.Qe2 Nxe4 12.Bxe4 O-O 13.b3 a5 14.Bb2 a4 15.Rac1 Qb6
16.Nd2 Nf6 17.Nc4 Qa7 18.Bb1 a3 19.Ba1 Rac8 20.Rfd1 Rfd8 21.e4 Ba6 22.Rd3 g6
23.Rh3 c5 24.e5 Ne8 25.Qd2 Bf8 26.Rd3 Ng7 27.d5 exd5 28.Rxd5 Rxd5 29.Qxd5 Ne6
30.Nd6 Rd8 31.Be4  1/2-1/2

[Event "Hamar op"]
[Site "Hamar"]
[Date "1983.??.??"]
[Round "1"]
[White "Bjerke, Richard"]
[Black "Gerer, Josef"]
[Result "0-1"]
[WhiteElo "2280"]
[BlackElo "2200"]

1.d4 e6 2.c4 d5 3.Nc3 c6 4.e3 Nf6 5.Nf3 Bb4 6.Qb3 Qe7 7.Be2 Nbd7 8.O-O O-O
9.a3 Bd6 10.Qc2 dxc4 11.Bxc4 e5 12.dxe5 Nxe5 13.Be2 Nxf3+ 14.Bxf3 Qe5 15.g3 Bh3
16.Rd1 Rad8 17.e4 Qe6 18.Bg5 h6 19.Be3 b6 20.Ne2 Ng4 21.Bxg4 Qxg4 22.Nd4 c5
23.Nf5 Qf3 24.Nh4 Qf6 25.f4 Be7 26.Re1 Qc6 27.Nf3 Bf6 28.Rac1 Qb7 29.b4 cxb4
30.axb4 Rc8 31.Qd3 Rfd8 32.Qb3 Qxe4 33.Rxc8 Rxc8 34.Bxb6 Qb7 35.Bc5 Rxc5
36.Re8+ Kh7 37.Qd3+ Bf5  0-1

[Event "Hamar op"]
[Site "Hamar"]
[Date "1983.??.??"]
[Round "2"]
[White "Wells, Peter K"]
[Black "Minev, Nikolay N"]
[Result "1/2-1/2"]
[WhiteElo "2330"]
[BlackElo "2390"]

1.d4 Nf6 2.c4 e6 3.Nf3 d5 4.Nc3 c6 5.e3 Nbd7 6.Bd3 Bb4 7.O-O O-O 8.a3 Ba5
9.Re1 Bc7 10.e4 dxc4 11.Bxc4 e5 12.h3 exd4 13.Nxd4 Ne5 14.Be2 Ng6 15.Bf1 Re8
16.g3 Bb6 17.Be3 Nxe4 18.Nxe4 Rxe4 19.Nc2 Re8 20.Bxb6 axb6 21.Qd4 Be6 22.Rad1 Qxd4
23.Nxd4 Bd5 24.f4 Kf8 25.Kf2 Rxe1 26.Rxe1 Rd8 27.Nf5 Be6 28.Ne3 Ne7 29.Bg2 Nf5
30.Nxf5 Bxf5 31.Re2 h6 32.Ke1 Rd3 33.Kf2 Rb3 34.Rd2 Ke7 35.Bf1 b5 36.Be2 Be4
37.h4 g6 38.Bd1 Rd3 39.Rxd3 Bxd3 40.Ke3 Bc4 41.Bf3 Kd6 42.Kd4 Bd5 43.Be2 f6
44.Bd3 g5 45.Bf5 gxh4 46.gxh4 b6 47.Bc2 Bg2 48.Bd3 c5+ 49.Kc3 Ke6 50.Bg6 Kd5
51.b4 Bh3 52.Bd3 Bd7 53.Bc2 Bc6 54.Bf5 Kd6 55.Kd3 Bd7 56.Be4 Bh3 57.Kc3 Bf1
58.Bf3  1/2-1/2

[Event "Hamar op"]
[Site "Hamar"]
[Date "1983.??.??"]
[Round "6"]
[White "Donaldson, John W"]
[Black "Minev, Nikolay N"]
[Result "1/2-1/2"]
[WhiteElo "2405"]
[BlackElo "2390"]

1.Nf3 Nf6 2.c4 e6 3.d4 d5 4.Nc3 c6 5.e3 a6 6.Qc2 c5 7.cxd5 exd5 8.Be2 Nc6
9.O-O cxd4 10.Nxd4 Nxd4 11.exd4 h6 12.Bf3 Be6 13.Bf4 Be7 14.Rac1 O-O 15.Na4 Bd6
16.Bxd6 Qxd6 17.Qc5 Qf4 18.Nb6 Rad8 19.Rc3 Rfe8 20.Re3 Nd7 21.Nxd7 Rxd7 22.Re5 Red8
23.Rfe1 Rd6 24.Qb4 a5 25.Qc3 Rc8 26.Qd3 Qf6 27.g3 Qd8 28.R5e2 Rdc6 29.Kg2 Qd7
30.Qb5 Qd8 31.Qd3 Rc4 32.Re5 Qb6 33.Bxd5 Rxd4 34.Qf3 Rxd5 35.Rxd5 Bxd5 36.Qxd5 Qxb2
37.Re7 Qf6 38.Qxb7 Rc2 39.Qa8+ Kh7 40.Qe4+ Qg6 41.a4  1/2-1/2

[Event "Hamar op"]
[Site "Hamar"]
[Date "1983.??.??"]
[Round "7"]
[White "Sjoberg, Mats"]
[Black "Gerer, Josef"]
[Result "1-0"]
[WhiteElo "2370"]
[BlackElo "2200"]

1.d4 e6 2.c4 d5 3.Nc3 c6 4.Nf3 Nf6 5.e3 Bb4 6.Bd3 Nbd7 7.O-O O-O 8.Qc2 dxc4
9.Bxc4 Bd6 10.b3 Qe7 11.Bb2 e5 12.Bd3 Re8 13.Ne4 Nxe4 14.Bxe4 g6 15.Rae1 Bb4
16.Re2 Nf6 17.dxe5 Nxe4 18.Qxe4 Bf5 19.Qf4 Bd3 20.Ree1 Bxf1 21.Rxf1 Ba3 22.Ba1 Qd7
23.b4 Qf5 24.Qh6 Qh5 25.Qf4 Qf5 26.Qh4 h5 27.e6 a5 28.Nd4 g5 29.exf7+ Kxf7
30.Qxh5+ Qg6 31.Qf3+ Ke7 32.Nf5+ Ke6 33.Nd4+ Kd7 34.bxa5 Bd6 35.Rd1 Kc7 36.Nf5 Rad8
37.Nd4 g4 38.Qe2 Qh5 39.g3 Qxa5 40.Qc4 Rd7 41.Rc1 Be5 42.Ne6+ Kb8 43.Nc5 Rc7
44.Bxe5 Rxe5 45.Qf4 Rce7 46.Nd3 Qd2 47.Nxe5 Qxc1+ 48.Kg2 Ka7 49.Qa4+ Kb6
50.Qb4+  1-0

[Event "Hamburg HSV"]
[Site "Hamburg"]
[Date "1983.??.??"]
[Round "?"]
[White "Hess, Christian"]
[Black "Reefschlaeger, Helmut"]
[Result "0-1"]
[WhiteElo "2230"]
[BlackElo "2430"]

1.c4 c6 2.Nc3 d5 3.e3 Nf6 4.d4 e6 5.Nf3 Nbd7 6.Qc2 Bd6 7.b3 O-O 8.Be2 dxc4
9.bxc4 e5 10.O-O Re8 11.Bb2 exd4 12.exd4 Nf8 13.Rad1 Qc7 14.c5 Be7 15.Ne5 Be6
16.f4 Nd5 17.f5 Ne3 18.Qe4 Nxd1 19.fxe6 f6 20.Nxd1 fxe5 21.Bd3 Ng6 22.Rf7 Rf8
23.Ne3 Rxf7 24.exf7+ Kf8 25.Ng4 Rd8 26.h4 Bxh4 27.dxe5 Qxf7  0-1

[Event "Hamburg HSV"]
[Site "Hamburg"]
[Date "1983.??.??"]
[Round "?"]
[White "Fries Nielsen, Jens Ove"]
[Black "Bednarski, Jacek B"]
[Result "1/2-1/2"]
[WhiteElo "2425"]
[BlackElo "2325"]

1.Nf3 d5 2.d4 Nf6 3.c4 e6 4.Nc3 c6 5.e3 Nbd7 6.Bd3 dxc4 7.Bxc4 b5 8.Be2 a5
9.O-O Ba6 10.e4 b4 11.Bxa6 Rxa6 12.Qe2 Qa8 13.Na4 Be7 14.Bg5 h6 15.Bxf6 Bxf6
16.Rac1 O-O 17.b3 Rd8 18.Rfd1 Be7 19.Re1 Bd6 20.Rc2 Ra7 21.e5 Be7 22.Rec1 Nb8
23.h4 Rb7 24.h5 Qa7 25.Qe4 Rb5 26.Nc5  1/2-1/2

[Event "Havana-B"]
[Site "Havana"]
[Date "1983.??.??"]
[Round "12"]
[White "Frias, Victor J"]
[Black "Vera, Reynaldo"]
[Result "1/2-1/2"]
[WhiteElo "2440"]
[BlackElo "2420"]

1.d4 d5 2.c4 e6 3.Nc3 c6 4.e3 Nf6 5.Nf3 Nbd7 6.Bd3 dxc4 7.Bxc4 b5 8.Be2 Bb7
9.O-O b4 10.Na4 Be7 11.b3 O-O 12.Bb2 c5 13.dxc5 Nxc5 14.Nxc5 Bxc5 15.Ne5 Qe7
16.Bf3 Rfd8 17.Qe2 Nd5 18.Rac1 f6 19.Nc4 a5 20.Qc2 Rac8  1/2-1/2

[Event "Helsinki"]
[Site "Helsinki"]
[Date "1983.??.??"]
[Round "8"]
[White "Pinter, Jozsef"]
[Black "Westerinen, Heikki MJ"]
[Result "1/2-1/2"]
[WhiteElo "2535"]
[BlackElo "2355"]

1.Nf3 Nf6 2.c4 c6 3.d4 d5 4.Nc3 e6 5.e3 Nbd7 6.Bd3 dxc4 7.Bxc4 b5 8.Bd3 a6
9.e4 c5 10.d5 c4 11.dxe6 fxe6 12.Bc2 Bb7 13.e5 Bxf3 14.Qxf3 Nxe5 15.Qh3 Nd3+
16.Bxd3 Qxd3 17.Qxe6+ Be7 18.Bg5 Qd7 19.Qxd7+ Nxd7 20.Bxe7 Kxe7 21.a4 Nc5
22.O-O  1/2-1/2

[Event "URS-ch sf"]
[Site "Irkutsk"]
[Date "1983.??.??"]
[Round "?"]
[White "Chekhov, Valery A"]
[Black "Timoshchenko, Gennadi A"]
[Result "1/2-1/2"]
[WhiteElo "2510"]
[BlackElo "2440"]

1.Nf3 Nf6 2.c4 e6 3.Nc3 d5 4.d4 c6 5.e3 Nbd7 6.Bd3 dxc4 7.Bxc4 b5 8.Bd3 a6
9.e4 c5 10.d5 c4 11.dxe6 cxd3 12.exd7+ Qxd7 13.O-O Bb7 14.Ne5 Qd4 15.Nf3 Qd7
16.Ne5 Qd4 17.Nf3  1/2-1/2

[Event "URS-ch U26"]
[Site "Jurmala"]
[Date "1983.??.??"]
[Round "?"]
[White "Azmaiparashvili, Zurab"]
[Black "Chernin, Alexander"]
[Result "1/2-1/2"]
[WhiteElo "2455"]
[BlackElo "2455"]

1.d4 d5 2.c4 c6 3.Nc3 Nf6 4.Nf3 e6 5.e3 Nbd7 6.Be2 dxc4 7.Bxc4 b5 8.Bd3 a6
9.O-O c5 10.a3 Bb7 11.Qe2 Qb8 12.h3 Bd6 13.dxc5 Nxc5 14.Bc2 Nce4 15.Nxe4 Bxe4
16.Bxe4 Nxe4 17.Nd2 Nxd2 18.Bxd2 O-O 19.Bc3 Bh2+ 20.Kh1 Be5 21.Bxe5 Qxe5
22.Rac1 Rac8 23.Rxc8 Rxc8 24.Rd1 g6 25.Rd4 Qc7 26.Qd2 Qc1+ 27.Kh2 Qxd2 28.Rxd2 Kf8
29.Kg3 Ke7 30.Kf3 Rc7  1/2-1/2